00473nam a22001457a 450000500170000001000150001702000260003203500130005803700130007108200160008424500890010026000370018927000680022630000330029420130913123321.0 aENG-108154 a9789381904152c780.00 aEN-91687 bDBAD/PUB a320.532095410aNaxal violence :cedited by Gurmeet Kanwal [and] Katoch Dhruv Cbthe threat within / aNew DelhibK.W. Publishersc2012 a4676/21, First Floor, Ansari Road, DaryaganjbNew Delhie110002 axiii,247p. :c24cm(Hb)bill.